[Event "Sarajevo Bosna op 49th"]
[Site "Sarajevo"]
[Date "2019.04.30"]
[Round "5"]
[White "Strinic, Halid"]
[Black "Vujicic, Dragisa"]
[Result "1-0"]
[WhiteElo "2124"]
[BlackElo "1922"]
[PlyCount "65"]
[EventDate "2019.04.27"]
[EventType "swiss"]
[EventRounds "9"]
[EventCountry "BIH"]
[SourceTitle "CBM 190 Extra"]
[Source "ChessBase"]
[SourceDate "2019.07.15"]
[SourceVersion "1"]
[SourceVersionDate "2019.07.15"]
[SourceQuality "1"]

1. e4 e5 2. Nf3 Nc6 3. Bb5 a6 4. Ba4 Nf6 5. d3 d6 6. h3 g6 7. 0-0 Bg7 8. c3 0-0 9. Re1 Nd7 10. d4 b5 11. Bc2 Nb6 12. dxe5 Nxe5 13. Nbd2 Bb7 14. Nxe5 Bxe5 15. Nf1 c5 16. Rb1 Qc7 17. Bh6 Rfe8 18. Ne3 Bc8 19. Ng4 Bxg4 20. Qxg4 Qc8 21. Qf3 Qe6 22. Bb3 c4 23. Bc2 a5 24. Bd2 a4 25. a3 Nd7 26. Rbd1 Rac8 27. Be3 Nf8 28. Rd5 Rb8 29. Red1 f6 30. h4 h5 31. g3 Qg4 32. Qg2 f5 33. Rxe5 1-0

[Event "Veliko Gradiste Silver Lake op"]
[Site "Veliko Gradiste"]
[Date "2018.06.19"]
[Round "4"]
[White "Vujicic, Dragisa"]
[Black "Mijatovic, Dusan"]
[Result "1/2-1/2"]
[WhiteElo "1882"]
[BlackElo "2078"]
[PlyCount "90"]
[EventDate "2018.06.17"]
[EventType "swiss"]
[EventRounds "9"]
[EventCountry "SRB"]
[SourceTitle "CBM 185 Extra"]
[Source "ChessBase"]
[SourceDate "2018.07.29"]
[SourceVersion "1"]
[SourceVersionDate "2018.07.29"]
[SourceQuality "1"]

1. e4 e6 2. d4 d5 3. e5 c5 4. dxc5 Nc6 5. Nf3 Bxc5 6. Bd3 Nge7 7. 0-0 Ng6 8. Re1 Qc7 9. Qe2 Nd4 10. Nxd4 Bxd4 11. Bxg6 hxg6 12. c3 Bb6 13. Nd2 Bd7 14. Nf3 Bc6 15. Be3 Rh5 16. Bd4 0-0-0 17. Qe3 Rdh8 18. h3 Qd8 19. a4 g5 20. Nh2 Rh4 21. Ng4 Bxd4 22. cxd4 Qe7 23. f3 Kb8 24. b3 Rc8 25. Rac1 Rhh8 26. Nh2 Qb4 27. Nf1 Rc7 28. Rc3 Rhc8 29. Rec1 Bd7 30. Rxc7 Rxc7 31. Rxc7 Kxc7 32. Kh2 g6 33. Kg3 Qe7 34. f4 gxf4+ 35. Qxf4 Be8 36. h4 Qb4 37. Qe3 b5 38. axb5 Bxb5 39. Nd2 a5 40. Nf3 Be8 41. Ng5 Kb7 42. Kh2 Qa3 43. Qf4 Qe7 44. g4 Qc7 45. Qd2 Qb6 1/2-1/2

[Event "Sarajevo Bosna op 47th"]
[Site "Sarajevo"]
[Date "2017.05.19"]
[Round "9"]
[White "Reinhard, Marcus"]
[Black "Vujicic, Dragisa"]
[Result "0-1"]
[WhiteElo "2168"]
[BlackElo "1914"]
[PlyCount "69"]
[EventDate "2017.05.13"]
[EventType "swiss"]
[EventRounds "9"]
[EventCountry "BIH"]
[SourceTitle "CBM 178 Extra"]
[Source "ChessBase"]
[SourceDate "2017.06.22"]
[SourceVersion "1"]
[SourceVersionDate "2017.06.22"]
[SourceQuality "1"]

1. d4 d5 2. e4 dxe4 3. Nc3 Nf6 4. Bg5 h6 5. Bxf6 exf6 6. Nxe4 Qe7 7. Qe2 f5 8. Nc3 Qxe2+ 9. Ngxe2 Bb4 10. 0-0-0 0-0 11. a3 Be7 12. g3 Nd7 13. Nd5 Bd8 14. Ne3 Nf6 15. Bg2 Rb8 16. d5 g6 17. Nd4 Ne4 18. Rhf1 Bd7 19. Nc4 Bf6 20. f3 Nd6 21. Nxd6 cxd6 22. Rfe1 Rfe8 23. c3 Ba4 24. Nc2 f4 25. gxf4 Bb3 26. Re4 Bh4 27. Bh1 Re7 28. Rb4 Bxc2 29. Kxc2 Re3 30. f5 g5 31. a4 g4 32. Rd3 Re1 33. Bg2 b6 34. Rd2 Rbe8 35. Rc4 0-1

[Event "Sarajevo Bosna op 47th"]
[Site "Sarajevo"]
[Date "2017.05.17"]
[Round "7"]
[White "Beslija, Hana"]
[Black "Vujicic, Dragisa"]
[Result "0-1"]
[WhiteElo "1113"]
[BlackElo "1914"]
[PlyCount "34"]
[EventDate "2017.05.13"]
[EventType "swiss"]
[EventRounds "9"]
[EventCountry "BIH"]
[SourceTitle "CBM 178 Extra"]
[Source "ChessBase"]
[SourceDate "2017.06.22"]
[SourceVersion "1"]
[SourceVersionDate "2017.06.22"]
[SourceQuality "1"]

1. e4 e5 2. Nf3 Nc6 3. d4 exd4 4. Nxd4 Nf6 5. Bg5 h6 6. Bxf6 Qxf6 7. c3 Bc5 8. Nf3 d6 9. h3 0-0 10. Bc4 Qg6 11. Rg1 Qxe4+ 12. Qe2 Re8 13. Nbd2 Qxe2+ 14. Bxe2 Bf5 15. Kf1 Ne5 16. Re1 Nd3 17. Rd1 Nxb2 0-1

[Event "Sarajevo Bosna op 45th"]
[Site "Sarajevo"]
[Date "2015.06.03"]
[Round "7"]
[White "Strinic, Halid"]
[Black "Vujicic, Dragisa"]
[Result "1-0"]
[WhiteElo "2103"]
[BlackElo "1866"]
[PlyCount "83"]
[EventDate "2015.05.30"]
[EventType "swiss"]
[EventRounds "9"]
[EventCountry "BIH"]
[SourceTitle "CBM 166 Extra"]
[Source "ChessBase"]
[SourceDate "2015.06.18"]
[SourceVersion "1"]
[SourceVersionDate "2015.06.18"]
[SourceQuality "1"]

1. e4 e5 2. Nf3 Nc6 3. Bb5 a6 4. Bxc6 dxc6 5. d4 exd4 6. Qxd4 Qxd4 7. Nxd4 Bd7 8. Be3 0-0-0 9. Nd2 Re8 10. 0-0 Ne7 11. Rfe1 f6 12. a4 Ng6 13. N4b3 b6 14. a5 Kb7 15. f3 h5 16. Ra4 c5 17. Raa1 Ne5 18. Nc1 g5 19. Ne2 Bh6 20. Nc3 Bc6 21. Kf2 Rd8 22. Rad1 Bg7 23. h4 gxh4 24. Ne2 Ng6 25. b3 Bh6 26. Bxh6 Rxh6 27. Nc4 Rxd1 28. Rxd1 b5 29. Ne3 Rh8 30. Nf5 b4 31. Ke3 Bb5 32. Nf4 Ne5 33. Rh1 Bd7 34. Nxh4 Kc6 35. Nd5 Rh6 36. f4 Nf7 37. f5 Kb5 38. Ng6 Ne5 39. Nxc7+ Kxa5 40. Nxe5 fxe5 41. Ra1+ Kb6 42. Rxa6+ 1-0

[Event "Sarajevo Bosna op-B 44th"]
[Site "Sarajevo"]
[Date "2014.06.02"]
[Round "5"]
[White "Kurtcehajic, Suad"]
[Black "Vujicic, Dragisa"]
[Result "1-0"]
[WhiteElo "2061"]
[BlackElo "1873"]
[PlyCount "63"]
[EventDate "2014.05.30"]
[EventType "swiss"]
[EventRounds "9"]
[EventCountry "BIH"]
[SourceTitle "CBM 160 Extra"]
[Source "ChessBase"]
[SourceDate "2014.07.01"]
[SourceVersion "1"]
[SourceVersionDate "2014.07.01"]
[SourceQuality "1"]

1. e4 e5 2. Nf3 Nc6 3. Bc4 Nf6 4. d3 Be7 5. 0-0 0-0 6. Re1 h6 7. d4 d6 8. h3 Bd7 9. Nc3 a6 10. Be3 b5 11. Bd3 exd4 12. Nxd4 Nxd4 13. Bxd4 c5 14. Be3 Re8 15. Qf3 Bf8 16. b3 Be6 17. Nd5 Rc8 18. c4 Bxd5 19. exd5 b4 20. Bd2 Rxe1+ 21. Rxe1 g6 22. g4 Nh7 23. Qg3 Rc7 24. h4 Re7 25. Rxe7 Qxe7 26. h5 Qf6 27. hxg6 fxg6 28. Qe3 Kf7 29. Bc1 Bg7 30. Bb2 Qxb2 31. Qe6+ Kf8 32. Bxg6 1-0

[Event "Sarajevo Bosna op-B 43rd"]
[Site "Sarajevo"]
[Date "2013.06.02"]
[Round "2"]
[White "Gromovs, Sergejs"]
[Black "Vujicic, Dragisa"]
[Result "1-0"]
[WhiteElo "2198"]
[BlackElo "1862"]
[PlyCount "51"]
[EventDate "2013.06.01"]
[EventType "swiss"]
[EventRounds "9"]
[EventCountry "BIH"]
[SourceTitle "CBM 154 Extra"]
[Source "ChessBase"]
[SourceDate "2013.06.25"]
[SourceVersion "2"]
[SourceVersionDate "2013.06.25"]
[SourceQuality "1"]

1. d4 d5 2. c4 c6 3. Nf3 Nf6 4. Nc3 e6 5. Bg5 dxc4 6. e4 b5 7. e5 h6 8. Bh4 g5 9. Nxg5 hxg5 10. Bxg5 Nbd7 11. g3 Bb7 12. Bg2 Qb6 13. exf6 0-0-0 14. 0-0 c5 15. d5 e5 16. a4 a6 17. axb5 axb5 18. b3 cxb3 19. Qxb3 b4 20. Na4 Qd6 21. Rfc1 Kb8 22. h4 Bh6 23. Bxh6 Rxh6 24. Qe3 Rxf6 25. Nxc5 Nxc5 26. Rxc5 1-0

[Event "Sarajevo Bosna op-B 42nd"]
[Site "Sarajevo"]
[Date "2012.05.07"]
[Round "4"]
[White "Vujicic, Dragisa"]
[Black "Hutinovic, Halim"]
[Result "1/2-1/2"]
[WhiteElo "1845"]
[BlackElo "2044"]
[PlyCount "140"]
[EventDate "2012.05.05"]
[EventType "swiss"]
[EventRounds "9"]
[EventCountry "BIH"]
[SourceTitle "CBM 148 Extra"]
[Source "ChessBase"]
[SourceDate "2012.06.22"]
[SourceVersion "1"]
[SourceVersionDate "2012.06.22"]
[SourceQuality "1"]

1. e4 e6 2. d4 d5 3. e5 c5 4. c3 Nc6 5. Nf3 Qb6 6. Be2 cxd4 7. cxd4 Bb4+ 8. Kf1 Bd7 9. a3 Be7 10. Nc3 Na5 11. Rb1 Nb3 12. Be3 Rc8 13. Qd3 a6 14. g3 h5 15. Kg2 Nh6 16. Nd2 Nxd2 17. Qxd2 Nf5 18. Rhc1 Nxe3+ 19. Qxe3 Qa5 20. Nd1 Rxc1 21. Qxc1 h4 22. Qc3 Qb6 23. Rc1 Bc6 24. b4 0-0 25. Nb2 f6 26. f4 fxe5 27. fxe5 hxg3 28. hxg3 Bg5 29. Rf1 Rxf1 30. Bxf1 Be8 31. Kf3 Qd8 32. Bh3 Qd7 33. Nd3 b6 34. a4 Bg6 35. Nf2 Bf7 36. a5 bxa5 37. bxa5 Bd8 38. Bf1 Qb7 39. Bd3 Be8 40. Qe1 Bb5 41. Bg6 Kf8 42. Qh1 Ke7 43. Qh8 Kd7 44. Qe8+ Kc7 45. Qxe6 Qc6 46. Qf7+ Kb8 47. Qf8 Qc7 48. Nd3 Bxd3 49. Bxd3 Qxa5 50. Qd6+ Bc7 51. Qxa6 Qxa6 52. Bxa6 Bb6 53. Ke3 Kc7 54. Bb5 Ba5 55. Kf4 Bc3 56. Kf5 Bxd4 57. Ke6 Bf2 58. g4 g5 59. Kxd5 Kd8 60. Ke6 Bc5 61. Kf6 Be7+ 62. Kf7 Bc5 63. e6 Bd6 64. Bd7 Ba3 65. Kf6 Be7+ 66. Kg6 Kc7 67. Kf7 Kd8 68. Bb5 Bb4 69. Kg6 Be7 70. Bd3 Kc7 1/2-1/2

[Event "Sarajevo Bosna op-B 42nd"]
[Site "Sarajevo"]
[Date "2012.05.06"]
[Round "3"]
[White "Hadzi Manev, Ljubomir"]
[Black "Vujicic, Dragisa"]
[Result "0-1"]
[WhiteElo "2079"]
[BlackElo "1845"]
[PlyCount "66"]
[EventDate "2012.05.05"]
[EventType "swiss"]
[EventRounds "9"]
[EventCountry "BIH"]
[SourceTitle "CBM 148 Extra"]
[Source "ChessBase"]
[SourceDate "2012.06.22"]
[SourceVersion "1"]
[SourceVersionDate "2012.06.22"]
[SourceQuality "1"]

1. d4 d5 2. c4 c6 3. Nf3 Nf6 4. Nc3 e6 5. e3 Nbd7 6. Bd3 Bd6 7. 0-0 0-0 8. e4 dxc4 9. Bxc4 e5 10. Bg5 Qe7 11. d5 Nb6 12. Bb3 Bg4 13. h3 Bh5 14. dxc6 bxc6 15. g4 Bg6 16. Nh4 a5 17. Rc1 Rab8 18. Qe2 Kh8 19. Rfd1 Bc5 20. Nf5 Qa7 21. Na4 Nxa4 22. Bxf6 gxf6 23. Bxa4 Bxf5 24. exf5 Rb4 25. Bxc6 Rf4 26. Rf1 Rc8 27. Bd5 Rxf2 28. Rxf2 Bxf2+ 29. Qxf2 Rxc1+ 30. Kg2 Qxf2+ 31. Kxf2 Rc2+ 32. Kf3 Kg7 33. h4 h6 0-1

[Event "Sarajevo Bosna op-B 42nd"]
[Site "Sarajevo"]
[Date "2012.05.05"]
[Round "1"]
[White "Banduka, Zeljko"]
[Black "Vujicic, Dragisa"]
[Result "1-0"]
[WhiteElo "2170"]
[BlackElo "1845"]
[PlyCount "101"]
[EventDate "2012.05.05"]
[EventType "swiss"]
[EventRounds "9"]
[EventCountry "BIH"]
[SourceTitle "CBM 148 Extra"]
[Source "ChessBase"]
[SourceDate "2012.06.22"]
[SourceVersion "1"]
[SourceVersionDate "2012.06.22"]
[SourceQuality "1"]

1. d4 d5 2. g3 Nf6 3. Bg2 Bf5 4. c4 e6 5. Nc3 h6 6. Qb3 b6 7. Nf3 c6 8. 0-0 Be7 9. Ne5 Nfd7 10. e4 Nxe5 11. cxd5 exd5 12. dxe5 Bxe4 13. Nxe4 dxe4 14. Rd1 Qc8 15. Bxe4 0-0 16. Be3 Na6 17. Qc2 Nc5 18. Bf5 Ne6 19. Rac1 c5 20. Qe4 b5 21. Rd5 Qa6 22. Rd7 Rae8 23. a3 Bg5 24. f4 Be7 25. Qb7 Qxb7 26. Rxb7 Nd4 27. Bxd4 cxd4 28. Rcc7 Bd8 29. Rd7 Bb6 30. e6 Rc8 31. exf7+ Kh8 32. Kg2 Rcd8 33. Kf3 g5 34. fxg5 hxg5 35. Kg4 Kg7 36. Kxg5 Rxd7 37. Rxd7 Rd8 38. Kf4 Rxd7 39. Bxd7 Kxf7 40. Bxb5 Bd8 41. h4 Ke6 42. Bc4+ Kf6 43. g4 Bc7+ 44. Kf3 Bh2 45. g5+ Kg6 46. Kg4 a5 47. h5+ Kh7 48. Bd3+ Kg8 49. b4 axb4 50. axb4 Bg1 51. b5 1-0